| 000 | 00707nam a22002057a 4500 | ||
|---|---|---|---|
| 003 | URS | ||
| 005 | 20260319092030.0 | ||
| 008 | 260319b |||||||| |||| 00| 0 eng d | ||
| 020 | _a978-621-406-317-8 | ||
| 040 | _cURS | ||
| 050 |
_aG155 .A1 _b.Ap34 2021 |
||
| 100 | _aApid, Alwen Jose A. | ||
| 245 |
_aTravel & tour management : _bindustrial training reference for the national certification II assessment in travel services and future profession / _cAlwen Jose A. Apid |
||
| 264 |
_aManila : _bMindshapers Co., Inc., _c© 2021. |
||
| 300 |
_avii, 143 pages : _billustrations ; _c23 cm. |
||
| 504 | _abibliographical references. | ||
| 650 | _aTourist Agents | ||
| 650 | _aTourist Trade | ||
| 942 |
_2lcc _cF |
||
| 999 |
_c99110 _d99107 |
||